000 00553cas a2200181 a 4500
022 _a0117-0481
040 _cUCW
082 0 0 _a330 ADB 1989 C148 Or.
245 0 0 _aAsian development outlook :
_bADO.
246 3 0 _aADO
260 _a[Manila] :
_bAsian Development Bank,
_c1989-
300 _avolumes :
_billustrations ;
_c27 cm.
500 _aSome issues have also a unique title.
650 0 _aEconomic forecasting
710 2 _aAsian Development Bank
856 4 1 _uhttp://beta.adb.org/publications/series/asian-development-outlook
942 _cAEDBB
999 _c18608
_d18608